000 00457nam a2200181Ia 4500
001 21015
005 20260306172848.0
008 260306t2003||||xx |||||||||||||| ||spa||
041 _aESP
082 _a343.9
_bN89
100 _aCongreso de la República
_eAUT
245 0 _aNueva ley orgánica de gobiernos regionales ley Nº 27867/ Pub. 18-11-2002
260 _c2003
300 _a
_c
650 _aGEN
654 _aCDE
942 _cLIB
_dJUS
_fJUS
_2ddc
_n
999 _c21015
_d21015